000 01881nam0a2200385 4500
001 RU\NLR\bibl\497801
005 20260408195212.0
010 _a5-98385-001-6
_9500
021 _aRU
_b2004-3637
_9191
035 _a(NLR Aleph) 000490421
090 _a1110039
_c1110039
100 _a20040305d2004 |||y0rusy50 ca
101 0 _arus
102 _aRU
105 _aa |||||||||
200 1 _aСистемы оптимального управления сложными технологическими объектами
_fЗ.Г. Салихов, Г.Г. Арунянц, А.Л. Рутковский
210 _aМ.
_cТеплоэнергетик
_d2004
215 _a495 с.
_cил.
_d24
300 _aНа обороте тит. л. в макете 3-й авт.: А.Л. Рудковский
313 _aАСУ ТП
320 _aБиблиогр.: с. 470-495 (578 назв.)
606 0 _aАСУ технологическими процессами
_xПроектирование
_92096506
_3RU\NLR\auth\661268434
606 0 _aАСУТП
_xПроектирование
_92321928
_3RU\NLR\auth\661389053
606 0 _aАвтоматическое управление и регулирование
_xОптимальные системы
_xПроектирование
_92321966
_3RU\NLR\auth\661389073
606 _aСАУ оптимальные
_xПроектирование
_3RU\NLR\auth\661389071
_92321964
686 _aЗ986.1-02
686 _aЗ965.9-02
700 1 _aСалихов
_bЗ. Г.
_gЗуфар Гарифуллович
_4070
701 1 _aАрунянц
_bГ. Г.
_gГеннадий Георгиевич
_4070
701 1 _4070
_8rus
_7ca
_aРутковский
_bА.Л.
_gАлександр Леонидович
_3RU\NLR\auth\7717917
_91001
801 0 _aRU
_bNLR
_c20040305
_gPSBO
801 1 _aRU
_bNLR
_c20040305
942 _cBOOK
980 _aNB